| 000 | 01397cam a2200385 a 4500 | ||
|---|---|---|---|
| 001 | 14203823 | ||
| 005 | 20170105102916.0 | ||
| 008 | 051219s2005 ii b 000 0 eng | ||
| 010 | _a 2005322009 | ||
| 020 | _a8174364250 | ||
| 025 | _aI-E-2005-322009; 63-91; 63-09 | ||
| 037 |
_bLibrary of Congress -- New Delhi Overseas Office _cRs225.00 |
||
| 040 |
_aDLC _cDLC |
||
| 042 | _alcode | ||
| 043 |
_aa-pk--- _aa-ii--- |
||
| 050 | 0 | 0 |
_aDS389 _b.D47 2005 |
| 100 | 1 | _aDesai, Meghnad. | |
| 245 | 1 | 0 |
_aDivided by democracy / _cMeghnad Desai, Aitzaz Ahsan ; series editor, David Page. |
| 246 | 3 | 0 | _aDemocracy |
| 260 |
_aNew Delhi : _bLotus Collection, Roli Books _c2005. |
||
| 300 |
_a144 p. ; _c23 cm. |
||
| 490 | 1 | _aCross-border talks | |
| 504 | _aIncludes bibliographical references. | ||
| 505 | 0 | _aWhy is India a democracy? / Meghnad Desai -- Why Pakistan is not a democracy / Aitzaz Ahsan. | |
| 520 | _aContributed articles on Pakistan and Indian political situation and democracy. | ||
| 650 | 0 |
_aDemocracy _zPakistan _y20th century. |
|
| 650 | 0 |
_aDemocracy _zIndia _y20th century. |
|
| 651 | 0 |
_aPakistan _xPolitics and government _y1988- |
|
| 651 | 0 |
_aIndia _xPolitics and government _y1977- |
|
| 700 | 1 | _aAhsan, Aitzaz. | |
| 830 | 0 | _aCross-border talks (Series) | |
| 906 |
_a7 _bcbc _corigode _d3 _encip _f20 _gy-gencatlg |
||
| 942 |
_2ddc _cBK |
||
| 999 |
_c15361 _d15361 |
||